| 000 | 00809 a2200229 4500 | ||
|---|---|---|---|
| 010 | _aENG-89034 | ||
| 020 |
_c425.00 _a8124603375 |
||
| 035 | _aEN-72567 | ||
| 037 | _bDBAD / PUB | ||
| 082 | 1 | 4 | _a410 |
| 090 |
_c9931 _d9931 |
||
| 100 | 1 | _aKapoor, Kapil | |
| 245 | 1 |
_aText and interpretation : _cby Kapil Kapoor _bthe Indian tradition / |
|
| 260 |
_aNew Delhi _bD.K. Printworld _c2005 |
||
| 270 |
_aRegd. Office: `Sri Kunj', F-52, Bali Nagar, _bNew Delhi _e110 015 |
||
| 300 |
_c23 cm (Hb) _bfolded chart _axi, 220p. |
||
| 500 | _aIncludes bibliographical references and index | ||
| 650 | _aHermeneutics | ||
| 650 |
_aCriticism, textual _xSanskrit language-Grammar |
||
| 942 |
_cEN _adpl _k410 / KAP |
||
| 999 |
_c9741 _d9741 |
||